000 00680nam a2200181 i 4500
001 62977
003 ES-MaACL
005 20250729020314.0
007 t|
008 031127s1951 sp ||||1| spa d
100 1 _aFernández-Chicarro de Dios, Concepción.
_949575
245 1 3 _aEl Museo Arqueológico Provincial de Sevilla /
_cpor Concepción Fernández-Chicarro de Dios.
260 _aMadrid :
_bCuerpo Facultativo de Archiveros Bibliotecarios y Arqueólogos,
_c1951 (
_fGóngora)
300 _a103 p., 28 lám. ;
_c21 cm.
710 2 _aCuerpo Facultativo de Archiveros, Bibliotecarios y Arqueólogos
_93354
852 _aES-MaACL
_jD-9138
_bR.34455
999 _c62977
_d62977